000 00469nam a22001697a 4500
005 20240902133918.0
008 240902b |||||||| |||| 00| 0 eng d
020 _a978-93-95649-60-5
041 _aeng
082 _a540 DHA
100 _aDHAWAN, DR.S.N. AND KHETERPAL, DR .S.C.
_98495
245 _aPRADEEP'S NEW COURSE CHEMISTRY [CLASS XI [ VOL-1]
260 _aJALANDHAR
_bPRADEEP PUBLICATION,S INDIA
300 _a7.263;P
650 _aBMLT
_98487
942 _cBK
999 _c8627
_d8625